[Event "Chania Krommydakis 4th"]
[Site "Chania"]
[Date "2018.08.16"]
[Round "9"]
[White "Patrelakis, Evaggelos"]
[Black "Kazakos, Emmanouil"]
[Result "1/2-1/2"]
[WhiteElo "2235"]
[BlackElo "2107"]
[PlyCount "105"]
[EventDate "2018.08.09"]
[EventType "tourn"]
[EventRounds "9"]
[EventCountry "GRE"]
[SourceTitle "CBM 186 Extra"]
[Source "ChessBase"]
[SourceDate "2018.08.24"]
[SourceVersion "1"]
[SourceVersionDate "2018.08.24"]
[SourceQuality "1"]

1. e4 e6 2. d4 d5 3. Nd2 Nf6 4. e5 Nfd7 5. Bd3 c5 6. c3 Nc6 7. Ne2 cxd4 8. cxd4 f6 9. exf6 Nxf6 10. 0-0 Bd6 11. Nf3 0-0 12. Bf4 Bxf4 13. Nxf4 Ne4 14. Qc1 Qf6 15. Ne2 Nd6 16. Qd2 Kh8 17. Rad1 Bd7 18. Bb1 Nf5 19. Ng3 Nh4 20. Nxh4 Qxh4 21. Ne2 Rf6 22. g3 Qg4 23. Qd3 Rh6 24. Nf4 Rf8 25. Qe3 Kg8 26. f3 Qg5 27. Bd3 Rhf6 28. Kh1 Qh6 29. Bb5 a6 30. Bxc6 Bxc6 31. Rde1 Bb5 32. Rf2 g5 33. Nd3 Bxd3 34. Qxd3 Qh5 35. Kg2 Rc8 36. Qd2 Qg6 37. Rc1 Rff8 38. Rff1 Qf6 39. Rxc8 Rxc8 40. Rc1 Rc4 41. Rxc4 dxc4 42. Qe2 b5 43. Qe4 Qf5 44. Qc6 Kf7 45. Qd7+ Kg6 46. Qe8+ Kh6 47. g4 Qf6 48. a3 Qxd4 49. Qxe6+ Kg7 50. Qe7+ Kg6 51. Qe8+ Kg7 52. Qe7+ Kg6 53. Qe8+ 1/2-1/2

[Event "Chania Krommydakis 4th"]
[Site "Chania"]
[Date "2018.08.13"]
[Round "6"]
[White "Kazakos, Emmanouil"]
[Black "Bagakis, Emanouel"]
[Result "1-0"]
[WhiteElo "2107"]
[BlackElo "2150"]
[PlyCount "45"]
[EventDate "2018.08.09"]
[EventType "tourn"]
[EventRounds "9"]
[EventCountry "GRE"]
[SourceTitle "CBM 186 Extra"]
[Source "ChessBase"]
[SourceDate "2018.08.24"]
[SourceVersion "1"]
[SourceVersionDate "2018.08.24"]
[SourceQuality "1"]

1. e4 c5 2. Nf3 e6 3. d4 cxd4 4. Nxd4 Nf6 5. Nc3 a6 6. e5 Ng8 7. Qg4 d6 8. Bg5 Qa5 9. exd6 Qe5+ 10. Be2 Bxd6 11. 0-0-0 Nf6 12. Qh4 Be7 13. Bf4 Qa5 14. Nb3 Qf5 15. Nd4 Qa5 16. Qg3 Nfd7 17. Nb3 Qf5 18. Bd3 Qh5 19. Qxg7 Bf6 20. Qg3 Nc6 21. Ne4 e5 22. Nxf6+ Nxf6 23. Qg7 1-0

[Event "Chania Krommydakis 4th"]
[Site "Chania"]
[Date "2018.08.12"]
[Round "5"]
[White "Kofidis, Andreas"]
[Black "Kazakos, Emmanouil"]
[Result "1-0"]
[WhiteElo "2311"]
[BlackElo "2107"]
[PlyCount "105"]
[EventDate "2018.08.09"]
[EventType "tourn"]
[EventRounds "9"]
[EventCountry "GRE"]
[SourceTitle "CBM 186 Extra"]
[Source "ChessBase"]
[SourceDate "2018.08.24"]
[SourceVersion "1"]
[SourceVersionDate "2018.08.24"]
[SourceQuality "1"]

1. e4 c5 2. Nf3 e6 3. d4 cxd4 4. Nxd4 a6 5. Nc3 Qc7 6. Bd3 Nf6 7. 0-0 Be7 8. Qe2 d6 9. Bd2 Nbd7 10. a3 b5 11. Rae1 Nc5 12. f4 Nxd3 13. cxd3 0-0 14. Qf3 Bb7 15. Rc1 Qd7 16. Qg3 Rac8 17. f5 e5 18. Nf3 Rfd8 19. Bh6 Ne8 20. Be3 Bf6 21. Bb6 Nc7 22. Qf2 Re8 23. g4 Bd8 24. g5 d5 25. Qg3 dxe4 26. dxe4 Na8 27. Bf2 Bb6 28. Rcd1 Qc7 29. Nd5 Bxd5 30. Rxd5 Qc2 31. g6 fxg6 32. fxg6 Qxe4 33. gxh7+ Qxh7 34. Bxb6 Nxb6 35. Rd6 Nc4 36. Ng5 Qh5 37. Rd7 Qg6 38. Rff7 Rc6 39. Rxg7+ Qxg7 40. Rxg7+ Kxg7 41. Ne6+ Kf6 42. Qf3+ Kxe6 43. Qxc6+ Nd6 44. Qxa6 Kd5 45. a4 Rg8+ 46. Kf1 Rf8+ 47. Ke1 Rh8 48. a5 Rxh2 49. Qa8+ Kc5 50. a6 Rxb2 51. a7 Rb1+ 52. Ke2 Rb2+ 53. Kd1 1-0

[Event "GRE-chT 45th"]
[Site "Achaia"]
[Date "2017.07.08"]
[Round "7.14"]
[White "Kazakos, Emmanouil"]
[Black "Vazelakis, Dimitrios"]
[Result "1-0"]
[WhiteElo "2117"]
[BlackElo "1784"]
[PlyCount "61"]
[EventDate "2017.07.03"]
[EventType "team-swiss"]
[EventRounds "7"]
[EventCountry "GRE"]
[SourceTitle "CBM 179 Extra"]
[Source "ChessBase"]
[SourceDate "2017.08.23"]
[SourceVersion "1"]
[SourceVersionDate "2017.08.23"]
[SourceQuality "1"]
[WhiteTeam "Chania Kydon AO"]
[BlackTeam "New Filadelfeias"]
[WhiteTeamCountry "GRE"]
[BlackTeamCountry "GRE"]

1. e4 c6 2. d4 d5 3. Nc3 dxe4 4. Nxe4 Bf5 5. Ng3 Bg6 6. h4 h6 7. Nf3 Nd7 8. h5 Bh7 9. Bd3 Bxd3 10. Qxd3 e6 11. Bd2 Ngf6 12. 0-0-0 Be7 13. Kb1 0-0 14. Ne4 Nxe4 15. Qxe4 Nf6 16. Qe2 c5 17. dxc5 Qc7 18. g4 Nh7 19. Ne5 Rac8 20. Bc3 Rfd8 21. f4 Qxc5 22. g5 hxg5 23. h6 g6 24. Nxg6 Rxd1+ 25. Rxd1 Bf6 26. Ne5 Rd8 27. Nd7 Qe7 28. Nxf6+ Nxf6 29. fxg5 Rxd1+ 30. Qxd1 Nd5 31. h7+ 1-0

[Event "GRE-chT 45th"]
[Site "Achaia"]
[Date "2017.07.04"]
[Round "3.8"]
[White "Kazakos, Emmanouil"]
[Black "Hidzos, Georgios"]
[Result "0-1"]
[WhiteElo "2117"]
[BlackElo "1873"]
[PlyCount "86"]
[EventDate "2017.07.03"]
[EventType "team-swiss"]
[EventRounds "7"]
[EventCountry "GRE"]
[SourceTitle "CBM 179 Extra"]
[Source "ChessBase"]
[SourceDate "2017.08.23"]
[SourceVersion "1"]
[SourceVersionDate "2017.08.23"]
[SourceQuality "1"]
[WhiteTeam "Chania Kydon AO"]
[BlackTeam "Sykeon Neapolis"]
[WhiteTeamCountry "GRE"]
[BlackTeamCountry "GRE"]

1. e4 c5 2. Nf3 e6 3. d4 cxd4 4. Nxd4 Nc6 5. Nc3 d6 6. Be3 Nf6 7. f3 Be7 8. Qd2 0-0 9. 0-0-0 a6 10. Kb1 Nd7 11. g4 Nde5 12. Be2 Nxd4 13. Qxd4 b5 14. f4 Nc6 15. Qd2 Na5 16. g5 Bd7 17. Qd4 Rb8 18. Bf3 b4 19. Ne2 Qc7 20. h4 Rfc8 21. Rc1 Nc4 22. Rhd1 Qb7 23. Ka1 d5 24. Bg1 Bb5 25. exd5 Bc5 26. Qe4 Nd6 27. Qe5 Nc4 28. Qe4 Nd6 29. Qe5 Nc4 30. dxe6 Qxf3 31. exf7+ Kh8 32. Qe6 Ne3 33. Nd4 Bxd4 34. Rxd4 Nxc2+ 35. Kb1 Bd3 36. Rc4 Bxc4 37. f8Q+ Rxf8 38. Qxc4 Rfc8 39. Bc5 Ne3 40. Qd3 Re8 41. Re1 Qd5 42. Bd4 Rbd8 43. Rxe3 Rxe3 0-1

[Event "Paleochora op 9th"]
[Site "Paleochora"]
[Date "2016.07.25"]
[Round "7"]
[White "Kazakos, Emmanouil"]
[Black "Enchev, Ivajlo"]
[Result "0-1"]
[WhiteElo "2132"]
[BlackElo "2465"]
[PlyCount "60"]
[EventDate "2016.07.20"]
[EventType "swiss"]
[EventRounds "9"]
[EventCountry "GRE"]
[SourceTitle "EXT 2017"]
[Source "ChessBase"]
[SourceDate "2016.10.25"]
[SourceVersion "1"]
[SourceVersionDate "2016.10.25"]
[SourceQuality "1"]

1. e4 g6 2. d4 Bg7 3. Nc3 c6 4. f4 d5 5. e5 Nh6 6. Nf3 0-0 7. Be3 Bg4 8. h3 Bxf3 9. Qxf3 f6 10. exf6 exf6 11. 0-0-0 Nd7 12. Kb1 f5 13. g4 Nb6 14. Bd3 a5 15. Ne2 Qd7 16. Ng3 fxg4 17. hxg4 Qxg4 18. Qg2 Nc4 19. Bc1 Rae8 20. Qh2 Ne3 21. f5 Nxd1 22. Bxh6 Nf2 23. Qxf2 Bxh6 24. Be2 Qf4 25. Qh2 Re3 26. Rg1 Rxf5 27. Bd3 Rg5 28. Qxh6 Rgxg3 29. Qh1 Rxg1+ 30. Qxg1 Qg3 0-1

[Event "Paleochora op 9th"]
[Site "Paleochora"]
[Date "2016.07.21"]
[Round "3"]
[White "Kazakos, Emmanouil"]
[Black "Lekic, Dusan"]
[Result "0-1"]
[WhiteElo "2132"]
[BlackElo "2374"]
[PlyCount "150"]
[EventDate "2016.07.20"]
[EventType "swiss"]
[EventRounds "9"]
[EventCountry "GRE"]
[SourceTitle "EXT 2017"]
[Source "ChessBase"]
[SourceDate "2016.10.25"]
[SourceVersion "1"]
[SourceVersionDate "2016.10.25"]
[SourceQuality "1"]

1. e4 e5 2. Nf3 Nc6 3. Bb5 a6 4. Ba4 Nf6 5. 0-0 Be7 6. Re1 b5 7. Bb3 d6 8. c3 0-0 9. h3 Bb7 10. d4 Re8 11. Ng5 Rf8 12. Nf3 Qd7 13. Nbd2 Rad8 14. a4 exd4 15. cxd4 Nb4 16. axb5 axb5 17. d5 c5 18. dxc6 Qxc6 19. Nd4 Qc5 20. Nf5 Rfe8 21. Re3 Bf8 22. Rc3 Qb6 23. Nf3 Bxe4 24. Be3 Qb8 25. N3d4 Nbd5 26. Bxd5 Nxd5 27. Rb3 b4 28. Bg5 Rc8 29. Rg3 g6 30. Qd2 Bxf5 31. Nxf5 Re5 32. Nh6+ Bxh6 33. Bxh6 Rce8 34. Rd3 Re2 35. Qg5 R8e5 36. Qg3 Ne7 37. Bf4 Nf5 38. Qf3 Re1+ 39. Rxe1 Rxe1+ 40. Kh2 Qe8 41. Rd2 h5 42. Qd3 Re4 43. Bxd6 Rd4 44. Qxd4 Nxd4 45. Rxd4 b3 46. Rd3 Qe6 47. Bg3 h4 48. Bf4 g5 49. Bc7 Kh7 50. Re3 Qd5 51. Be5 f5 52. Bc3 Qd6+ 53. Kg1 Kg6 54. Re8 Kf7 55. Re5 Kg6 56. Re8 Qd1+ 57. Re1 Qd3 58. Re3 Qd7 59. Re5 g4 60. hxg4 fxg4 61. Re3 Qd6 62. Be1 Qd1 63. Re6+ Kf5 64. Re3 Qc1 65. Re2 g3 66. fxg3 hxg3 67. Kf1 Qf4+ 68. Kg1 Qh4 69. Rd2 Qh2+ 70. Kf1 Qh1+ 71. Ke2 Qxg2+ 72. Kd1 Qf3+ 73. Kc1 g2 74. Rf2 Ke4 75. Rxf3 Kxf3 0-1

[Event "GRE-ch U20 47th"]
[Site "Kavala"]
[Date "2015.01.03"]
[Round "3"]
[White "Kazakos, Emmanouil"]
[Black "Ladopoulos, Dimitrios"]
[Result "0-1"]
[WhiteElo "2166"]
[BlackElo "2143"]
[PlyCount "102"]
[EventDate "2015.01.02"]
[EventType "tourn"]
[EventRounds "9"]
[EventCountry "GRE"]
[SourceTitle "CBM 164 Extra"]
[Source "ChessBase"]
[SourceDate "2015.03.02"]
[SourceVersion "1"]
[SourceVersionDate "2015.03.02"]
[SourceQuality "1"]

1. e4 c5 2. Nf3 e6 3. c3 Nf6 4. e5 Nd5 5. d4 cxd4 6. cxd4 b6 7. a3 d6 8. Bb5+ Bd7 9. Bd3 Bc6 10. 0-0 Nd7 11. Re1 Qc7 12. Bd2 dxe5 13. Nxe5 Nxe5 14. dxe5 Rd8 15. Qe2 Be7 16. Nc3 Qd7 17. Rad1 0-0 18. Qg4 f5 19. Qh5 g6 20. Qh6 Nxc3 21. Bxc3 Qd5 22. Qh3 Ba4 23. Bc2 Qc6 24. Bxa4 Qxa4 25. Qf3 Qc4 26. Qb7 Bxa3 27. Qxa7 Bc5 28. Rd7 Rxd7 29. Qxd7 f4 30. Rd1 f3 31. Bd4 fxg2 32. Kxg2 Rf7 33. Qd8+ Kg7 34. Rd2 Bb4 35. Rd1 Qe2 36. Be3 Bc5 37. Qd2 Qg4+ 38. Kh1 Qf3+ 39. Kg1 Bxe3 40. fxe3 Rf5 41. Qd8 Qxe3+ 42. Kh1 Qe4+ 43. Kg1 Kh6 44. Qd2+ Rg5+ 45. Kf2 Qf5+ 46. Ke3 Qxe5+ 47. Kd3 Kg7 48. Kc2 Qe4+ 49. Kb3 Rb5+ 50. Ka2 Ra5+ 51. Kb3 Qa4+ 0-1

[Event "Kavala op 23rd"]
[Site "Kavala"]
[Date "2014.08.04"]
[Round "4"]
[White "Kazakos, Emmanouil"]
[Black "Vucinic, Gojko"]
[Result "0-1"]
[WhiteElo "2203"]
[BlackElo "2377"]
[PlyCount "80"]
[EventDate "2014.08.02"]
[EventType "swiss"]
[EventRounds "9"]
[EventCountry "GRE"]
[SourceTitle "CBM 161 Extra"]
[Source "ChessBase"]
[SourceDate "2014.08.29"]
[SourceVersion "1"]
[SourceVersionDate "2014.08.29"]
[SourceQuality "1"]

1. e4 c5 2. c3 e6 3. d4 d5 4. e5 Bd7 5. f4 Qb6 6. Nf3 Nc6 7. b3 Nh6 8. Bb2 Rc8 9. h3 Nf5 10. Kf2 cxd4 11. cxd4 Ncxd4 12. Nxd4 Bc5 13. Ke1 Bxd4 14. Bxd4 Qxd4 15. Qxd4 Nxd4 16. Na3 Nc2+ 17. Nxc2 Rxc2 18. g4 Ke7 19. Bd3 Rg2 20. Rf1 Rg3 21. Ke2 Rxh3 22. Rac1 h5 23. gxh5 Rxd3 24. Kxd3 Bb5+ 25. Kd4 Bxf1 26. Rxf1 Rxh5 27. Rg1 g6 28. b4 Rh2 29. a4 Rc2 30. Rb1 Ra2 31. a5 Ra3 32. Rh1 Rf3 33. Rh4 b6 34. a6 Rb3 35. Rh8 Rxb4+ 36. Ke3 Ra4 37. Rb8 Rxa6 38. Rb7+ Kf8 39. f5 gxf5 40. Kf4 Kg7 0-1

[Event "GRE-chT 42nd"]
[Site "Porto Rio"]
[Date "2014.07.02"]
[Round "6.8"]
[White "Kazakos, Emmanouil"]
[Black "Samaras, Georgios"]
[Result "1-0"]
[WhiteElo "2146"]
[BlackElo "1665"]
[PlyCount "79"]
[EventDate "2014.06.28"]
[EventType "team-swiss"]
[EventRounds "7"]
[EventCountry "GRE"]
[SourceTitle "CBM 161 Extra"]
[Source "ChessBase"]
[SourceDate "2014.08.29"]
[SourceVersion "1"]
[SourceVersionDate "2014.08.29"]
[SourceQuality "1"]
[WhiteTeam "Chania Kydon"]
[BlackTeam "Ptolemaida Ptolemaios"]
[WhiteTeamCountry "GRE"]
[BlackTeamCountry "GRE"]

1. Nf3 Nf6 2. g3 g6 3. Bg2 Bg7 4. 0-0 0-0 5. d4 d5 6. Nc3 c6 7. Re1 Nbd7 8. e4 dxe4 9. Nxe4 Nxe4 10. Rxe4 e5 11. dxe5 Nxe5 12. Qxd8 Nxf3+ 13. Bxf3 Rxd8 14. Bg5 Bf5 15. Re7 Rd7 16. Rae1 Bf8 17. Re8 Rxe8 18. Rxe8 Kg7 19. c3 Bc5 20. Kg2 h6 21. Bf4 Re7 22. Be5+ f6 23. Rxe7+ Bxe7 24. Bd4 c5 25. Be3 b5 26. Bc6 Bd3 27. Bf4 a5 28. a4 b4 29. Bc7 b3 30. Bxa5 c4 31. Bb6 Ba3 32. a5 Bxb2 33. a6 Bxc3 34. a7 b2 35. a8Q h5 36. Bd5 b1Q 37. Qg8+ Kh6 38. Qh8+ Kg5 39. Be3+ Kf5 40. Qc8+ 1-0

[Event "GRE-chT 42nd"]
[Site "Porto Rio"]
[Date "2014.06.30"]
[Round "4.4"]
[White "Kazakos, Emmanouil"]
[Black "Papadimitriou, Athanasios"]
[Result "1/2-1/2"]
[WhiteElo "2146"]
[BlackElo "2286"]
[PlyCount "88"]
[EventDate "2014.06.28"]
[EventType "team-swiss"]
[EventRounds "7"]
[EventCountry "GRE"]
[SourceTitle "CBM 161 Extra"]
[Source "ChessBase"]
[SourceDate "2014.08.29"]
[SourceVersion "1"]
[SourceVersionDate "2014.08.29"]
[SourceQuality "1"]
[WhiteTeam "Chania Kydon"]
[BlackTeam "Thessaloniki Interior"]
[WhiteTeamCountry "GRE"]
[BlackTeamCountry "GRE"]

1. e4 d5 2. exd5 Nf6 3. d4 Nxd5 4. Nf3 g6 5. Be2 Bg7 6. 0-0 0-0 7. c4 Nb6 8. Nc3 Nc6 9. d5 Na5 10. c5 Nd7 11. Bd2 Nf6 12. Bg5 c6 13. d6 b6 14. b4 Nb7 15. Ne5 bxc5 16. dxe7 Qxe7 17. Nxc6 Qe6 18. Bf3 cxb4 19. Nb5 Ne4 20. Nbd4 Bxd4 21. Ne7+ Kg7 22. Qxd4+ f6 23. Rfe1 Qxe7 24. Rxe4 Be6 25. Qe3 Rfe8 26. Bh6+ Kf7 27. Rxe6 Qxe6 28. Qxe6+ Rxe6 29. Bxb7 Rd8 30. Be3 a5 31. g3 Red6 32. Bf3 Rd3 33. Be2 Rc3 34. Bd1 Kg7 35. Bb3 Rd6 36. Re1 g5 37. h4 h6 38. h5 Rc7 39. Bc1 Rcd7 40. Bb2 Kf8 41. Rc1 Re7 42. Ba4 Re2 43. Rc8+ Kg7 44. Rc7+ Kf8 1/2-1/2

[Event "GRE-ch U20"]
[Site "Thessaloniki"]
[Date "2014.01.08"]
[Round "7"]
[White "Pappelis, Dimitrios"]
[Black "Kazakos, Emmanouil"]
[Result "1/2-1/2"]
[WhiteElo "2080"]
[BlackElo "2158"]
[PlyCount "142"]
[EventDate "2014.01.02"]
[EventType "swiss"]
[EventRounds "7"]
[EventCountry "GRE"]
[SourceTitle "EXT 2016"]
[Source "ChessBase"]
[SourceDate "2015.10.08"]
[SourceVersion "1"]
[SourceVersionDate "2015.10.08"]
[SourceQuality "1"]

1. c4 c5 2. Nf3 Nf6 3. Nc3 e6 4. g3 b6 5. Bg2 Bb7 6. 0-0 Be7 7. d4 cxd4 8. Qxd4 d6 9. Rd1 a6 10. Ng5 Bxg2 11. Kxg2 0-0 12. Nce4 Ne8 13. Qd3 g6 14. Nf3 f5 15. Neg5 Qc8 16. Nd4 Nc7 17. Qb3 Qb7+ 18. f3 Bxg5 19. Bxg5 Rf7 20. c5 dxc5 21. Nxe6 Nxe6 22. Qxe6 Nc6 23. Bf6 Qc8 24. Rd6 Qxe6 25. Rxe6 Rc8 26. Rd1 b5 27. Rdd6 Rfc7 28. e4 fxe4 29. fxe4 c4 30. a3 a5 31. Rd5 b4 32. axb4 axb4 33. Rc5 Na7 34. Rxc7 Rxc7 35. Ra6 Rc6 36. Rxa7 Rxf6 37. Rc7 Rd6 38. Rxc4 Rd2+ 39. Kf3 Rxb2 40. Kf4 b3 41. Rb4 Rb1 42. Kg5 Re1 43. Kf6 Rf1+ 44. Ke6 Rb1 45. Kf6 Rf1+ 46. Kg5 Re1 47. Kh6 g5 48. Kxg5 b2 49. Rxb2 Rxe4 50. Rb8+ Kg7 51. Rb7+ Kg8 52. Kf6 Re8 53. g4 Ra8 54. Re7 Ra6+ 55. Re6 Ra8 56. h4 Rf8+ 57. Kg5 Ra8 58. h5 Rb8 59. Kh6 Ra8 60. g5 Rb8 61. Re7 Rb6+ 62. g6 hxg6 63. hxg6 Rb8 64. Ra7 Rc8 65. Rg7+ Kh8 66. Rb7 Kg8 67. Rb6 Ra8 68. g7 Rc8 69. Rf6 Ra8 70. Rf8+ Rxf8 71. gxf8R+ Kxf8 1/2-1/2

[Event "GRE-ch U20"]
[Site "Thessaloniki"]
[Date "2014.01.07"]
[Round "6"]
[White "Kazakos, Emmanouil"]
[Black "Ladopoulos, Dimitrios"]
[Result "0-1"]
[WhiteElo "2158"]
[BlackElo "2105"]
[PlyCount "76"]
[EventDate "2014.01.02"]
[EventType "swiss"]
[EventRounds "7"]
[EventCountry "GRE"]
[SourceTitle "EXT 2016"]
[Source "ChessBase"]
[SourceDate "2015.10.08"]
[SourceVersion "1"]
[SourceVersionDate "2015.10.08"]
[SourceQuality "1"]

1. e4 e5 2. Bc4 Nf6 3. d3 Bc5 4. Nf3 Nc6 5. 0-0 a6 6. Bb3 d6 7. c3 0-0 8. Nbd2 Be6 9. Bc2 Ba7 10. Re1 Ne7 11. Nf1 Ng6 12. Ng3 Re8 13. h3 d5 14. Ng5 Bd7 15. exd5 h6 16. N5e4 Nxd5 17. Qf3 Ndf4 18. Bxf4 exf4 19. Ne2 Qh4 20. Bb3 Bc6 21. Nd4 Bxd4 22. cxd4 Rad8 23. d5 Ne5 24. Qd1 Bxd5 25. d4 Bxb3 26. Qxb3 Rxd4 27. Qxb7 f3 28. Rad1 Rxd1 29. Rxd1 fxg2 30. Kxg2 Ng6 31. Ng3 Nf4+ 32. Kf3 Nxh3 33. Qc6 Re6 34. Qa8+ Kh7 35. Kg2 Qg4 36. Rc1 Nf4+ 37. Kf1 Ne2 38. Nxe2 Qxe2+ 0-1

[Event "Mediterranean-ch U20"]
[Site "Crete"]
[Date "2013.09.02"]
[Round "9"]
[White "Asan, Elvan"]
[Black "Kazakos, Emmanouil"]
[Result "0-1"]
[WhiteElo "1831"]
[BlackElo "2131"]
[PlyCount "82"]
[EventDate "2013.08.27"]
[EventType "swiss"]
[EventRounds "9"]
[EventCountry "GRE"]
[SourceTitle "CBM 156 Extra"]
[Source "ChessBase"]
[SourceDate "2013.10.22"]
[SourceVersion "1"]
[SourceVersionDate "2013.10.22"]
[SourceQuality "1"]

1. e4 e6 2. d3 d5 3. Nd2 Nf6 4. g3 b6 5. Bg2 Bb7 6. e5 Nfd7 7. Ngf3 c5 8. c3 Nc6 9. Qa4 Qc7 10. d4 cxd4 11. cxd4 Nb4 12. 0-0 Ba6 13. a3 Bxf1 14. Bxf1 Nc6 15. Bb5 Ndb8 16. Nf1 a6 17. Be3 Qb7 18. Bd3 Nd7 19. Rc1 b5 20. Qd1 h6 21. Nh4 Rc8 22. Qh5 Ne7 23. Re1 Nb6 24. Bc1 Rc6 25. f4 g6 26. Qd1 Nf5 27. Nxf5 gxf5 28. Qh5 Qc7 29. Bd2 Nc4 30. Bc3 Nxa3 31. Bxf5 b4 32. Bd2 Nc2 33. Bxc2 Rxc2 34. f5 Qb6 35. Ne3 Rxd2 36. Rc1 Qxd4 37. Rc8+ Kd7 38. Qxf7+ Kxc8 39. Qe8+ Kc7 40. Qf7+ Kb6 41. Qxe6+ Ka5 0-1

[Event "Mediterranean-ch U20"]
[Site "Crete"]
[Date "2013.08.29"]
[Round "4"]
[White "Kazakos, Emmanouil"]
[Black "Sandalakis, Nikolaos"]
[Result "1-0"]
[WhiteElo "2131"]
[BlackElo "1961"]
[PlyCount "99"]
[EventDate "2013.08.27"]
[EventType "swiss"]
[EventRounds "9"]
[EventCountry "GRE"]
[SourceTitle "CBM 156 Extra"]
[Source "ChessBase"]
[SourceDate "2013.10.22"]
[SourceVersion "1"]
[SourceVersionDate "2013.10.22"]
[SourceQuality "1"]

1. Nf3 Nf6 2. g3 d5 3. Bg2 Bg4 4. 0-0 c6 5. d3 Nbd7 6. c4 e6 7. cxd5 exd5 8. Nc3 Bd6 9. h3 Bh5 10. Nh4 Bg6 11. e4 dxe4 12. dxe4 Bc5 13. Kh2 0-0 14. f4 Bh5 15. Qe1 Qc7 16. e5 Rfe8 17. g4 Nxe5 18. fxe5 Rxe5 19. Bf4 Rxe1 20. Bxc7 Rxa1 21. Rxa1 Bg6 22. Nxg6 hxg6 23. Rd1 Re8 24. Rd8 Rxd8 25. Bxd8 Bd6+ 26. Kg1 Kf8 27. Ne4 Nxe4 28. Bxe4 Be5 29. b3 Ke8 30. Bg5 Kd7 31. Be3 b6 32. Kf2 Kd6 33. Kf3 Kd7 34. a4 Bc3 35. Bd3 Be5 36. Ke4 Bd6 37. Bd4 f6 38. h4 Bg3 39. h5 gxh5 40. gxh5 Ke6 41. Bc4+ Ke7 42. Kf5 Bd6 43. Be3 Bb4 44. Bf4 a5 45. Be3 b5 46. axb5 cxb5 47. Bxb5 Bd6 48. Kg6 Kf8 49. Bb6 Bb4 50. Bc4 1-0

[Event "Kavala op 22nd"]
[Site "Kavala"]
[Date "2013.08.06"]
[Round "1"]
[White "Kazakos, Emmanouil"]
[Black "Nabaty, Tamir"]
[Result "0-1"]
[WhiteElo "2137"]
[BlackElo "2567"]
[PlyCount "50"]
[EventDate "2013.08.06"]
[EventType "swiss"]
[EventRounds "9"]
[EventCountry "GRE"]
[SourceTitle "CBM 155 Extra"]
[Source "ChessBase"]
[SourceDate "2013.08.26"]
[SourceVersion "1"]
[SourceVersionDate "2013.08.26"]
[SourceQuality "1"]

1. e4 e5 2. Nf3 Nc6 3. Bb5 a6 4. Ba4 Bc5 5. 0-0 Nf6 6. Nxe5 Nxe5 7. d4 b5 8. Bb3 Bxd4 9. Qxd4 d6 10. Qe3 0-0 11. f3 c5 12. c3 Bb7 13. a4 c4 14. Bc2 d5 15. Qd4 Nc6 16. Qc5 dxe4 17. fxe4 Nd7 18. Qh5 b4 19. Nd2 b3 20. Bd1 Qb6+ 21. Kh1 Nde5 22. Nf3 Nd3 23. Ng5 h6 24. Nxf7 Nce5 25. Nxh6+ Qxh6 0-1

[Event "Paleochora op 6th"]
[Site "Paleochora"]
[Date "2013.07.24"]
[Round "7"]
[White "Kazakos, Emmanouil"]
[Black "Skoulakis, Alexandros"]
[Result "1-0"]
[WhiteElo "2131"]
[BlackElo "1848"]
[PlyCount "53"]
[EventDate "2013.07.19"]
[EventType "swiss"]
[EventRounds "9"]
[EventCountry "GRE"]
[SourceTitle "CBM 155 Extra"]
[Source "ChessBase"]
[SourceDate "2013.08.26"]
[SourceVersion "1"]
[SourceVersionDate "2013.08.26"]
[SourceQuality "1"]

1. e4 c6 2. d4 d5 3. Nc3 dxe4 4. Nxe4 Nd7 5. Bc4 Ngf6 6. Ng5 e6 7. Qe2 Nb6 8. Bb3 Qxd4 9. N1f3 Bb4+ 10. c3 Bxc3+ 11. Kf1 Qb4 12. bxc3 Qxc3 13. Bb2 Qb4 14. Rb1 Nbd5 15. Qc2 Qa5 16. h4 h6 17. Ne4 Nxe4 18. Qxe4 Nc3 19. Bxc3 Qxc3 20. Rh3 Qf6 21. Ne5 Rf8 22. Rd1 a5 23. Rhd3 Ra6 24. Bc4 Rb6 25. Rd6 Ke7 26. Qd4 Rb4 27. Rd7+ 1-0

[Event "Paleochora op 6th"]
[Site "Paleochora"]
[Date "2013.07.22"]
[Round "5"]
[White "Kazakos, Emmanouil"]
[Black "Maiorov, Nikita"]
[Result "1/2-1/2"]
[WhiteElo "2131"]
[BlackElo "2538"]
[PlyCount "83"]
[EventDate "2013.07.19"]
[EventType "swiss"]
[EventRounds "9"]
[EventCountry "GRE"]
[SourceTitle "CBM 155 Extra"]
[Source "ChessBase"]
[SourceDate "2013.08.26"]
[SourceVersion "1"]
[SourceVersionDate "2013.08.26"]
[SourceQuality "1"]

1. e4 e5 2. Nf3 Nc6 3. Bb5 a6 4. Ba4 Nf6 5. 0-0 Be7 6. Re1 b5 7. Bb3 d6 8. c3 0-0 9. h3 Nb8 10. d4 Nbd7 11. Nbd2 Bb7 12. Bc2 Re8 13. a4 Bf8 14. Bd3 c6 15. b4 g6 16. axb5 cxb5 17. Qb3 exd4 18. cxd4 Bg7 19. Qb1 Nb6 20. Nb3 Na4 21. Bd2 Rc8 22. Na5 Ba8 23. Ra3 Rc7 24. d5 Nd7 25. Bf1 Ndb6 26. Qd3 Qc8 27. Bf4 Qd7 28. Be3 Nc4 29. Nxc4 Rxc4 30. Bd2 Rc7 31. Ra2 f5 32. Ng5 Re5 33. f3 fxe4 34. fxe4 Rc8 35. Ne6 Rxe6 36. dxe6 Qxe6 37. Rc2 Re8 38. Bf4 d5 39. e5 Nb6 40. Qd4 Nc4 41. Rce2 Bf8 42. Rb1 1/2-1/2

[Event "Paleochora op 6th"]
[Site "Paleochora"]
[Date "2013.07.20"]
[Round "3"]
[White "Ashwin, Jayaram"]
[Black "Kazakos, Emmanouil"]
[Result "1-0"]
[WhiteElo "2470"]
[BlackElo "2131"]
[PlyCount "69"]
[EventDate "2013.07.19"]
[EventType "swiss"]
[EventRounds "9"]
[EventCountry "GRE"]
[SourceTitle "CBM 155 Extra"]
[Source "ChessBase"]
[SourceDate "2013.08.26"]
[SourceVersion "1"]
[SourceVersionDate "2013.08.26"]
[SourceQuality "1"]

1. d4 Nf6 2. c4 e6 3. Nc3 Bb4 4. e3 0-0 5. Bd3 c5 6. Nge2 cxd4 7. exd4 d5 8. cxd5 Nxd5 9. 0-0 Nc6 10. Be4 Nce7 11. Bg5 Qa5 12. Qd2 Re8 13. a3 Nxc3 14. Nxc3 Bd6 15. h3 Rb8 16. b4 Qb6 17. Be3 a6 18. Rfd1 Qd8 19. Rac1 b6 20. d5 e5 21. Bb1 f5 22. f4 Ng6 23. fxe5 Bxe5 24. d6 Bd7 25. Nd5 Ba4 26. Bg5 Qd7 27. Ne7+ Nxe7 28. Rc7 Qe6 29. Ba2 Bb3 30. Bxb3 Qxb3 31. Rxe7 Qg3 32. Qd5+ Kh8 33. Qxe5 Qxe5 34. Rxe5 Rxe5 35. d7 1-0

[Event "GRE-chT 41st"]
[Site "Achaia"]
[Date "2013.07.07"]
[Round "7.3"]
[White "Kazakos, Emmanouil"]
[Black "Georgiev, Krum"]
[Result "0-1"]
[WhiteElo "2131"]
[BlackElo "2443"]
[PlyCount "90"]
[EventDate "2013.07.02"]
[EventType "team-swiss"]
[EventRounds "7"]
[EventCountry "GRE"]
[SourceTitle "CBM 155 Extra"]
[Source "ChessBase"]
[SourceDate "2013.08.26"]
[SourceVersion "1"]
[SourceVersionDate "2013.08.26"]
[SourceQuality "1"]
[WhiteTeam "Chania Kydon"]
[BlackTeam "Corinth Argonaftis"]
[WhiteTeamCountry "GRE"]
[BlackTeamCountry "GRE"]

1. e4 c5 2. c3 d6 3. d4 Nf6 4. Bd3 Nc6 5. Nf3 e5 6. dxe5 dxe5 7. 0-0 Be7 8. a4 0-0 9. Na3 Be6 10. Qe2 Qc7 11. Bg5 Nh5 12. g3 Bg4 13. Bxe7 Nxe7 14. Nc4 Ng6 15. Qe3 Nhf4 16. Rfe1 Nxd3 17. Qxd3 Rfd8 18. Qe3 f6 19. Red1 b6 20. Rd2 Rxd2 21. Nfxd2 Rd8 22. f3 Be6 23. Qe2 Qd7 24. Kf2 Nh8 25. Nf1 Nf7 26. Nfe3 g6 27. Qc2 Qc6 28. Rd1 Rxd1 29. Qxd1 f5 30. Nd5 Kg7 31. h4 Qd7 32. Kg2 h5 33. Kh2 Qd8 34. Qd2 g5 35. hxg5 Nxg5 36. Qe3 Nf7 37. Qd2 h4 38. Kg2 hxg3 39. Kxg3 f4+ 40. Kg2 Qg5+ 41. Kh1 Qh5+ 42. Kg1 Ng5 43. Nxe5 Nh3+ 44. Kf1 Qxe5 45. Qg2+ Ng5 0-1